Wrestling General Knowledge #2 - Statistics

General Stats
  • This quiz has been taken 397 times
  • The average score is 12 of 15
Answer Stats
Hint Answer % Correct
Which wrestler was known for giving the middle finger, drinking beer in the ring, and hitting everyone from referees to authority figures with his finishing maneuver? Stone Cold Steve Austin
99%
Which wrestler tragically fell to his death while being lowered from the rafters in a harness at the Over the Edge pay-per-view event in 1998? Owen Hart
98%
Who did Hulk Hogan famously body slam at WrestleMania III? André the Giant
96%
Who is the only Olympic gold medalist to later become a professional wrestler? Kurt Angle
96%
What professional wrestler became a successful Hollywood star after his breakout role as The Scorpion King? Dwayne "The Rock" Johnson
94%
Who kicked Marty Jannetty through a plate glass window on the Barber Shop interview segment? Shawn Michaels
91%
Who famously delivered a promo criticizing WWE on a 2011 episode of Raw which came to be known as "The Pipebomb?" CM Punk
90%
What was the name of the group that included (among others) Ric Flair, Arn Anderson, and Tully Blanchard? the Four Horsemen
90%
What type of match requires a wrestler to win by setting their opponent on fire? Inferno match
75%
The commercial slogan "Snap into a Slim Jim" is most associated with which wrestler? Macho Man Randy Savage
74%
The wrestler Sting's style of black clothing and black and white face paint was inspired by what movie? The Crow
72%
Which retired professional wrestler was elected governor of Minnesota in 1998? Jesse "the Body" Ventura
62%
Who did Rowdy Roddy Piper famously hit in the head with a coconut? Jimmy Snuka
55%
Who was the first African American to become a world champion in a professional wrestling organization? Ron Simmons
54%
What actor got into a staged physical altercation with Jerry "the King" Lawler on an episode of David Letterman's talk show? Andy Kaufman
50%
No matching quizzes found
Score Distribution
Percent of People with Each Score
Percentile by Number Answered
Your Score History
You have not taken this quiz